| 000 | 00491nam a2200157Ia 4500 | ||
|---|---|---|---|
| 999 |
_c20507 _d20507 |
||
| 003 | OSt | ||
| 005 | 20200610152208.0 | ||
| 008 | 190216s9999||||xx |||||||||||||| ||und|| | ||
| 040 | _coclc | ||
| 082 |
_a294.0954 _bNAN/S |
||
| 100 |
_aNandi, Ramendra Nath _92759 |
||
| 245 | 0 |
_aSocial Roots Of Religion In Ancient India / _c Ramendra Nath Nandi |
|
| 260 |
_bKp Bagchi &co Pubs _c1986. _aCalcutta: |
||
| 300 | _a218p | ||
| 942 |
_cBK _2ddc _h294.0954 _iNAN/S _k294.0954 _mNAN/S |
||